Statystyki dla 15 najbardziej dotkniętych krajów Covid-19 - 24 listopada 2021

Kliknij tutaj aby rozwiązać quiz!

Ogólne statystyki

  • Ten quiz został rozwiązany 36 razy
  • Średni wynik to 14 z 28

Statystyki odpowiedzi

kraj% Poprawnych
Stany Zjednoczone
97%
Francja
90%
Indie
81%
Włochy
81%
Hiszpania
77%
Niemcy
77%
Rosja
74%
Brazylia
71%
Wielka Brytania
71%
Argentyna
65%
Belgia
65%
Meksyk
61%
Turcja
58%
Holandia
45%
Kolumbia
42%
Szwecja
42%
Czechy
39%
Indonezja
39%
Iran
39%
Litwa
26%
Chorwacja
19%
Estonia
19%
Łotwa
19%
Słowenia
19%
Izrael
16%
Serbia
16%
Gruzja
10%
Bahrajn
3%

Rozkład punktacji

Percentyl według liczby udzielonych odpowiedzi

Procent ludzi z każdym wynikiem

Twoja historia wyników

Nie rozwiązałeś tego quizu